<?xml version="1.0" encoding="UTF-8"?>
<marc:record xmlns:marc="http://www.loc.gov/MARC21/slim">
   <marc:leader>00000nam a2200000 a 4500</marc:leader>
   <marc:datafield ind1="1" ind2=" " tag="100">
      <marc:subfield code="a">Brandt, Susanne</marc:subfield>
      <marc:subfield code="4">ctb</marc:subfield>
      <marc:subfield code="e">Mitwirkende/-r</marc:subfield>
   </marc:datafield>
   <marc:datafield ind1="1" ind2=" " tag="100">
      <marc:subfield code="a">Lefin, Petra</marc:subfield>
      <marc:subfield code="4">ctb</marc:subfield>
      <marc:subfield code="e">Mitwirkende/-r</marc:subfield>
   </marc:datafield>
   <marc:datafield ind1=" " ind2=" " tag="653">
      <marc:subfield code="a">Softcover / Kinder- und Jugendbücher/Bilderbücher/Religiöse Bilderbücher</marc:subfield>
   </marc:datafield>
   <marc:datafield ind1="0" ind2="0" tag="245">
      <marc:subfield code="a">Die Zehn Gebote</marc:subfield>
   </marc:datafield>
   <marc:datafield ind1="0" ind2="0" tag="245">
      <marc:subfield code="b">eine Geschichte aus dem Alten Testament</marc:subfield>
   </marc:datafield>
   <marc:datafield ind1="0" ind2="0" tag="245">
      <marc:subfield code="c">erzählt von Susanne Brandt und Klaus-Uwe Nommensen. Mit Bildern von Petra Lefin</marc:subfield>
   </marc:datafield>
   <marc:datafield ind1=" " ind2="1" tag="264">
      <marc:subfield code="a">München</marc:subfield>
      <marc:subfield code="b">Don Bosco</marc:subfield>
      <marc:subfield code="c">2010</marc:subfield>
   </marc:datafield>
   <marc:datafield ind1="1" ind2=" " tag="490">
      <marc:subfield code="a">Sieben Kinderbibel-Geschichten "Gott ist für dich da"</marc:subfield>
   </marc:datafield>
   <marc:datafield ind1=" " ind2=" " tag="250">
      <marc:subfield code="a">1. Aufl.</marc:subfield>
   </marc:datafield>
   <marc:datafield ind1="1" ind2=" " tag="520">
      <marc:subfield code="a">Angaben aus der Verlagsmeldung

Die zehn Gebote / von Klaus U Nommensen, Susanne Brandt

Die beliebten Kinderbibel-Geschichten von DON BOSCO gehen in die dritte Staffel: Spannend und altersgerecht erzählen Susanne Brandt und Klaus-Uwe Nommensen den Kinder die Kernbotschaft des Alten und Neuen Testaments: "So ist Gott: Er ist immer für dich da." Für die gewohnt frischen und zeitgemäßen Illustrationen sorgt Petra Lefin. Folgende Titel der neuen Reihe sind lieferbar: Die Geschichte von Zachäus, vom verlorenen Sohn, vom Weg der Heiligen Drei Könige zur Krippe, von Ostern, von Abraham und Sara, von den Zehn Geboten und von David und Goliat. Außerdem erhältlich: Ein Täschchen mit allen 7 Titeln der Reihe mit Malblock und sechs Qualitätsbuntstifteni. Altersstufe: 3 bis 7 Jahre. Abgabe als Verpackungseinheit mit je 5 Ex.
</marc:subfield>
   </marc:datafield>
   <marc:datafield ind1=" " ind2=" " tag="020">
      <marc:subfield code="a">9783769818239</marc:subfield>
      <marc:subfield code="9">9783769818239</marc:subfield>
   </marc:datafield>
   <marc:datafield ind1=" " ind2=" " tag="041">
      <marc:subfield code="a">ger</marc:subfield>
   </marc:datafield>
   <marc:datafield ind1=" " ind2=" " tag="300">
      <marc:subfield code="a">24] S.</marc:subfield>
   </marc:datafield>
</marc:record>
